01386cam a2200301 a 45000010009000000050017000090080041000260100017000670200018000840400022001020410008001240430012001320800015001440820019001591000007001781010008001852450082001935040051002759060045003269420012003719990017003839520114004009520114005149520114006289520114007429520114008569520114009701697610020180215035551.0110919s2012 nyua b 001 0 eng c a 2011039297 a9780199759491 aNIC/DLCcNICdDLC aeng aa------ a200.95 ESP00a200.95 ESP2231 a24 aTEO10aReligions of Asia today /cJohn L. Esposito, Darrell J. Fasching, Todd Lewis. aIncludes bibliographical references and index. a7bcbccorignewd1eecipf20gy-gencatlg 2ddccBK c42592d42592 00102udc40708PËKGa002b002cPËKGd2018-02-15l0o200.95 ESPp002-2998550r2018-02-15w2018-02-15yBK 00102udc40708PËKGa002b002cPËKGd2018-02-15l0o200.95 ESPp002-2998555r2018-02-15w2018-02-15yBK 00102udc40708PËKGa002b002cPËKGd2018-02-15l0o200.95 ESPp002-2998560r2018-02-15w2018-02-15yBK 00102udc40708PËKGa002b002cPËKGd2018-02-15l0o200.95 ESPp002-2998565r2018-02-15w2018-02-15yBK 00102udc40708PËKGa002b002cPËKGd2018-02-15l0o200.95 ESPp002-2998570r2018-02-15w2018-02-15yBK 00102udc40708PËKGa002b002cPËKGd2018-02-15l0o200.95 ESPp002-2998575r2018-02-15w2018-02-15yBK